Ký sự xứ người

Với lối viết dung dị, bút pháp tả thực, biết khai thác những điều bình thường gây xúc động, tác phẩm của Trình Quang Phú dễ đi vào lòng người, nhất là bạn đọc trẻ - một hiện tượng đặc biệt mà không phải nhà văn, người cầm bút nào c...

Deskribapen osoa

Gorde:
Xehetasun bibliografikoak
Egile nagusia: Trình Quang Phú
Formatua: Liburua
Hizkuntza:Vietnamese
Argitaratua: H. Hội Nhà văn 2019
Edizioa:Tái bản có sửa chữa và bổ sung ảnh của tác giả và tư liệu
Gaiak:
Etiketak: Etiketa erantsi
Etiketarik gabe, Izan zaitez lehena erregistro honi etiketa jartzen!
Thư viện lưu trữ: Thư viện Trường Đại học Nam Cần Thơ
LEADER 01218nam a22002057a 4500
001 NCT_149080
008 230425b xxu||||| |||| 00| 0 vie d
999 |c 7685  |d 7685 
020 |a 9786049842801  |c sách tặng 
082 0 4 |2 23rd ed.  |a 895.9  |b Ph500 
100 1 |a Trình Quang Phú 
245 1 0 |a Ký sự xứ người  |c Trình Quang Phú 
250 |a Tái bản có sửa chữa và bổ sung ảnh của tác giả và tư liệu 
260 |a H.  |b Hội Nhà văn  |c 2019 
300 |a 519 tr.  |b ảnh màu  |c 21cm 
520 3 |a Với lối viết dung dị, bút pháp tả thực, biết khai thác những điều bình thường gây xúc động, tác phẩm của Trình Quang Phú dễ đi vào lòng người, nhất là bạn đọc trẻ - một hiện tượng đặc biệt mà không phải nhà văn, người cầm bút nào cũng có thể làm được. 
653 |a Tham khảo 
942 |2 ddc  |c BK 
952 |0 0  |1 0  |2 ddc  |4 0  |6 895_900000000000000_PH500  |7 0  |9 27541  |a 000001  |b 000001  |d 2023-04-25  |o 895.9 Ph500  |p TK.03283  |r 2023-04-25  |w 2023-04-25  |y BK 
980 |a Thư viện Trường Đại học Nam Cần Thơ